000
00299 a2200145 4500
001
166907
020
_a
040
_c
Magnum
100
_a
Foucault, Michel
240
1
0
_a
Em defesa da sociedade
_l
por
245
1
0
_a
Em defesa da sociedade
362
0
_a
1899
697
_a
FILOSOFIA
942
_c
BK
999
_c
166907
_d
166907